| 000 | 00459nam a2200145Ia 4500 | ||
|---|---|---|---|
| 008 | 100415s9999 xx 000 0 und d | ||
| 082 |
_b9421 _a592 |
||
| 100 | _aKensley Brian | ||
| 245 | _aGuide to the Marine Isopods of Southern Africa | ||
| 260 |
_aCAPE TOWN _c1978 _bTRUSTEES OF SOUTH AFRICAN MUSE |
||
| 365 | _b0 | ||
| 630 | _aGuide to the Marine Isopods of Southern Africa | ||
| 730 | _aGuide to the Marine Isopods of Southern Africa | ||
| 942 | _cBOOK | ||
| 999 |
_c592359 _d592356 |
||